| 000 | 00427cam a2200169ua 4500 | ||
|---|---|---|---|
| 020 | _c21.00 | ||
| 041 |
_aeng _h |
||
| 082 |
_a928.2 _bEHR/P |
||
| 100 | _aEhrenbury, Ilya . | ||
| 245 |
_aPeople and life : Memories of 1891-1917 / _cIlya Ehrenbury. _hTextual Documents |
||
| 260 |
_aLondon : _bMacgibson and kee , _c1961. |
||
| 300 | _a239 ; . | ||
| 365 | _a21.00 | ||
| 504 | _a | ||
| 942 | _cBK | ||
| 999 |
_c1705 _d1705 |
||